000 01507nam0a2200349 4500
001 RU\NLR\BIBL_A\022104930
005 20240125113050.0
010 _a978-5-17-159478-7
_95500
021 _aRU
_bКН-П-23-073898
_9КН-П-23-7473
035 _a(NLR Aleph) 022104930
035 _a(RuMoRGB)012372096
090 _a12758689
_c12758689
100 _a20240110d2023 u y0rusy50 ca
101 1 _arus
_ceng
102 _aRU
105 _ay z 000ay
181 0 _ai
_baxxe
182 0 _an
200 1 _aМифы Ктулху
_e[сборник
_eперевод с английского]
_fГовард Лавкрафт
203 _aТекст
_bвизуальный
_cнепосредственный
210 _aМосква
_cАСТ
_d2023
215 _a541, [1] с.
_d21
225 1 _aЛучшая мировая классика
327 0 _aСодерж.: Собака; Шепчущий во тьме; Сны в Ведьмином доме; Тень из безвременья; Обитающий во мраке; Тварь на пороге; Белый Корабль; Кошки Ултара; Селефаис; Серебряный ключ [и др.]
333 _a16+
686 1 _aШ6(7США)67-445{Лх1978-62}
700 1 _7ca
_8rus
_aЛавкрафт
_bГ. Ф.
_f1890-1937
_gГовард Филлипс
_9123422
_3RU\NLR\AUTH\7713740
942 _cBOOK
980 _aNB